| 000 | 00852nam a2200241 u 4500 | ||
|---|---|---|---|
| 005 | 20240210063840.0 | ||
| 008 | 101125s2009 r 000 0 eng d | ||
| 020 | _a9789701072356 | ||
| 035 | _aUPN01000178801 | ||
| 049 | _aCG | ||
| 050 | 4 |
_aHD69 P7.5 _bG7.2 2009 |
|
| 100 | 1 | _aGray, Clifford F. | |
| 245 | 1 | 0 |
_aAdministración de proyectos / _cClifford F. Gray, Erik W. Larson ; tr. María Guadalupe Cevallos Almada. |
| 250 | _a4a ed. | ||
| 260 |
_aMéxico : _bMcGraw Hill, _c2009. |
||
| 300 |
_axx, 550 p. : _bil., figs. + _e1 CD-ROM ; 4 3/4 plg. |
||
| 500 | _aEl CD-ROM solicítalo en el mostrador de préstamos | ||
| 534 |
_pTraducción de: _tProjec management: The managerial process |
||
| 650 | 4 |
_aAdministración de proyectos _9493 |
|
| 650 | 4 |
_aAdministración de riesgos _93107 |
|
| 700 | 1 |
_aLarson, Erik W., _ecoaut. |
|
| 905 | _aLibro | ||
| 999 |
_c150904 _d150904 |
||